О показателях энергетической эффективности; Энергетика: эффективность, надежность, безопасность; Т. 2

Dades bibliogràfiques
Parent link:Энергетика: эффективность, надежность, безопасность: сборник трудов XIX Всероссийской научно-технической конференции, 4-6 декабря 2013 г., Томск/ Национальный исследовательский Томский политехнический университет (ТПУ) [и др.].— , 2013
Т. 2.— [С. 14-18]
Autor principal: Литвак В. В. Валерий Владимирович
Autor corporatiu: Национальный исследовательский Томский политехнический университет (ТПУ) Энергетический институт (ЭНИН) Кафедра электроснабжения промышленных предприятий (ЭПП), Национальный исследовательский Томский политехнический университет (ТПУ) Энергетический институт (ЭНИН) Кафедра атомных и тепловых электростанций (АТЭС)
Altres autors: Климова Г. Н. Галина Николаевна
Sumari:Заглавие с титульного экрана
Idioma:rus
Publicat:
Col·lecció:Энергетическая безопасность и энергосбережение
Matèries:
Accés en línia:http://www.lib.tpu.ru/fulltext/c/2013/C15/V2/005.pdf
Format: MixedMaterials Electrònic Capítol de llibre
KOHA link:https://koha.lib.tpu.ru/cgi-bin/koha/opac-detail.pl?biblionumber=604104

MARC

LEADER 00000naa2a2200000 4500
001 604104
005 20260205144230.0
035 |a (RuTPU)RU\TPU\conf\1356 
035 |a RU\TPU\conf\1355 
090 |a 604104 
100 |a 20140221d2013 k y0rusy50 ca 
101 0 |a rus 
102 |a RU 
135 |a drnn ---uucaa 
181 0 |a i  
182 0 |a b 
200 1 |a О показателях энергетической эффективности  |f В. В. Литвак, Г. Н. Климова 
203 |a Текст  |c электронный 
225 1 |a Энергетическая безопасность и энергосбережение 
300 |a Заглавие с титульного экрана 
320 |a [Библиогр.: с. 18 (4 назв.)] 
337 |a Adobe Reader 
461 1 |0 (RuTPU)RU\TPU\conf\562  |t Энергетика: эффективность, надежность, безопасность  |o сборник трудов XIX Всероссийской научно-технической конференции, 4-6 декабря 2013 г., Томск  |o в 2 т.  |f Национальный исследовательский Томский политехнический университет (ТПУ) [и др.]  |d 2013 
463 1 |0 (RuTPU)RU\TPU\conf\565  |t Т. 2  |f под ред. В. В. Литвака [и др.]  |v [С. 14-18] 
610 1 |a труды учёных ТПУ 
610 1 |a электронный ресурс 
610 1 |a энергетическая эффективность 
610 1 |a экономия 
610 1 |a энергетические ресурсы 
700 1 |a Литвак  |b В. В.  |c специалист в области теплоэнергетики  |c профессор Томского политехнического университета, доктор технических наук  |f 1940-  |g Валерий Владимирович  |3 (RuTPU)RU\TPU\pers\25676  |9 11587 
701 1 |a Климова  |b Г. Н.  |c специалист в области энергетики  |c доцент Томского политехнического университета, кандидат технических наук  |f 1976-  |g Галина Николаевна  |3 (RuTPU)RU\TPU\pers\26727  |9 12385 
712 0 2 |a Национальный исследовательский Томский политехнический университет (ТПУ)  |b Энергетический институт (ЭНИН)  |b Кафедра электроснабжения промышленных предприятий (ЭПП)  |3 (RuTPU)RU\TPU\col\18676 
712 0 2 |a Национальный исследовательский Томский политехнический университет (ТПУ)  |b Энергетический институт (ЭНИН)  |b Кафедра атомных и тепловых электростанций (АТЭС)  |3 (RuTPU)RU\TPU\col\18683 
801 2 |a RU  |b 63413507  |c 20150402  |g RCR 
856 4 |u http://www.lib.tpu.ru/fulltext/c/2013/C15/V2/005.pdf 
942 |c CF